000 01587cam a2200433Ma 4500
001 ocn752070342
003 TZ-ArACH
005 20130110145222.0
008 070627s2011 fr 000 0 fre d
016 7 _aFRBNF42431116000000X
_2FrPBN
020 _a9782100558513
020 _a210055851X
035 _a(OCoLC)752070342
040 _aOTZ
_bfre
_cTZ-ArACH
_dZWZ
_dBDF
_dUQ1
041 _aFre
049 _aTZAA
050 4 _aKD662
_b.S463
082 1 4 _a349.152 1
_222
100 1 _aSéroussi, Roland.
_97456
245 1 0 _aIntroduction aux droits anglais et américain /
_cRoland Séroussi.
250 _a5e éd.
260 _aParis :
_bDunod,
_c2011.
300 _axi, 220 p. ;
_c25 cm.
490 0 _aManagement sup. Droit pour l'entreprise
650 6 _aDroit
_zGrande-Bretagne.
_97457
650 6 _aLaw
_zGreat Britain
_97458
650 6 _aLaw
_zUnited States
_97459
650 7 _aCommon law.
_2ram
_97460
650 7 _aDroit
_zGrande-Bretagne
_xManuels d'enseignement supérieur.
_2ram
_97461
650 7 _aDroit
_zÉtats-Unis
_xManuels d'enseignement supérieur.
_2ram
_97462
650 1 7 _aCommon law.
_2rasuqam
_97463
650 7 _aDroit.
_2rasuqam
_97464
650 7 _aDroit comparé.
_2rasuqam
_97465
651 7 _aÉtats-Unis.
_2rasuqam
_97466
651 7 _aGrande-Bretagne.
_2rasuqam
_97467
856 4 2 _3Notice et cote du catalogue de la Bibliothèque nationale de France
_uhttp://catalogue.bnf.fr/ark:/12148/cb42431116z
942 _2lcc
_cBOOK
999 _c1987
_d1987